| 000 | 00947nam a2200277 4500 | ||
|---|---|---|---|
| 001 | 173347 | ||
| 003 | ES-MaACL | ||
| 005 | 20250801201906.0 | ||
| 007 | t| | ||
| 008 | 091126s1970 fr ||||1| fre d | ||
| 080 | _a801.5 | ||
| 100 | 1 |
_aBrisset, Jean-Pierre. _931793 |
|
| 245 | 1 | 3 |
_aLa grammaire logique _b; suivi de La Science de Dieu / _cJean-Pierre Brisset ; précédé de 7 propos sur le 7e ange / par Michel Foucault. |
| 260 |
_aParis : _bTchou, _c1970. |
||
| 300 |
_aXIX, 337 p. ; _c21cm. |
||
| 490 | 1 | _aRhétorique et langage | |
| 500 | _aÍndice. | ||
| 650 | 0 | 4 |
_aGramática comparada. _913155 |
| 650 | 4 |
_aLenguaje- _xFilosofía. _914344 |
|
| 650 | 0 | 7 |
_aTeología _2embne _917457 |
| 700 | 1 |
_aFoucault, Michel, _d1926-1984 _9241486 |
|
| 740 | 3 | _aLa Science de Dieu. | |
| 830 | 0 |
_aRhétorique et langage _9223513 |
|
| 852 | 4 |
_aES-MaACL _jE-13228 . - _zBiblioteca Jacinto Martínez Lacalle |
|
| 999 |
_c173347 _d173347 |
||